Các quá trình, thiết bị trong công nghệ hoá chất và thực phẩm. tập 5, Các quá trình hoá học T.5

Сохранить в:
Библиографические подробности
Главный автор: Nguyễn, Bin
Формат:
Язык:Vietnamese
Опубликовано: Khoa học và kỹ thuật 2008
Метки: Добавить метку
Нет меток, Требуется 1-ая метка записи!
Thư viện lưu trữ: Mạng thư viện Đại học Đà Nẵng
LEADER 00719nam a2200253 4500
001 000022914
003 19363
005 20150515160544.0
008 150515s2008 viesd
020 |c 77000 
041 0 |a vie 
082 1 4 |a 664,0028  |b NG-B 
100 1 |a Nguyễn, Bin 
245 1 0 |a Các quá trình, thiết bị trong công nghệ hoá chất và thực phẩm. tập 5, Các quá trình hoá học  |b T.5  |c Nguyễn Bin 
260 |b Khoa học và kỹ thuật  |c 2008 
300 |a tr.  |c cm. 
OWN |a LSP 
999 |a From the UDN01 
TYP |a Monograph 
TYP |a Printed language 
980 |a Mạng thư viện Đại học Đà Nẵng